000 00405nam a2200157 i 4500
001 bg
100 1 _aBOROWSKI, Paweł
245 0 _aPożary :
_bprzyczyny-przebieg-dochodzenia /
_cP . Borowski, F. Pawłowski.
260 _aWarszawa,
_c1981.
700 1 _aPAWŁOWSKI, Franciszek
040 _cBPK
041 _apol
080 _a614.841:343.1
942 _cKS
008 s pl f |000 0 pol
999 _c4410
_d4410
856 _uhttp://koha.tu.koszalin.pl/cgi-bin/koha/opac-detail.pl?biblionumber=4410
_yKatalog online BPK